Hogwarts Divination Exam Quiz Stats

 Plays Quiz Updated Oct 3, 2017

Challenge
Share
Tweet
Score 0/16 Timer 05:00
11 Plays Today
% Correct
STARS
88.9%
DEATH
88%
PALM
87.4%
HARRY POTTER
87.3%
VOLDEMORT
86.7%
SYBILL TRELAWNEY
86.6%
TEA LEAVES
85.2%
PROPHECY
82.8%
% Correct
CARDS
80.9%
SEER
80.9%
MYSTERIES
79.5%
CENTAURS
79.4%
CRYSTAL BALL
77.4%
DREAMS
74.7%
GRIM
74.6%
TOWER
44.3%

You're not logged in!

Compare scores with friends on all Sporcle quizzes.
OR
Log In

You Might Also Like...

Show Comments

Extras

Top Quizzes Today


Score Distribution

Your Account Isn't Verified!

In order to create a playlist on Sporcle, you need to verify the email address you used during registration. Go to your Sporcle Settings to finish the process.

Report this User

Report this user for behavior that violates our Community Guidelines.

Details: